| 000 | 00976cam a22002054a 4500 | ||
|---|---|---|---|
| 005 | 20250605164135.0 | ||
| 008 | 250528s ||||||||||||||||||||||||d | ||
| 035 | _a18761 | ||
| 020 | _a3790991 | ||
| 040 |
_aGR-AtMCL _bgre _dGR-AtMCL _eAACR2 |
||
| 245 | 1 | _aEuropean Economy / Report on the Implementation of Macro-Financial Assistance to third Countries: No 58 | |
| 260 | _c1994 | ||
| 300 | _a192 | ||
| 520 | _a1994 Broad Economic Policy Guidelines. 1994 Broad Economic Policy Guidelines f the Member States and the Community Drawn up in Conformity with Article 103 (2) of the Treaty Establishing the European Community, Report of the Implementation of Macro financial assistance to third countries - Communication from the Commission to the Council and the European Parliament, Statistical Annex. | ||
| 710 | 2 |
_aDirectorate For Economic And Financial Affairs _99763 |
|
| 710 | 2 |
_aEuropean Commission _99764 |
|
| 942 | _cBK | ||
| 999 |
_c4077 _d4077 |
||